000 00782nam a2200205Ia 4500
999 _c46512
_d46512
001 13351
003 GE_BSU
005 20240909125556.0
008 181216s2011||||ge |||||||||||||| ||rus||
020 _a9785020364684
040 _cGE_BSU
080 _a1(091) И-97
245 _aИшрак :
_bЕжегодник исламской философии №2 2011.
264 _aМосква :
_bВосточная лит-ра,
_c2011.
300 _a717 стр. ;
_c22 см.
653 _aИшрак
653 _aЕжегодник исламской философии
710 _aРоссийская АН ин-т философии, Иранский ин-т философии. Фонд исследовании исламской культуры
_923189
942 _cBK
_2udc